000 00594nam a2200217Ia 4500
003 OSt
005 20220928145607.0
006 a|||||r|||| 00| 0
007 ta
008 220927b |||||||| |||| 00| 0 eng d
024 _a81364
037 _cTextual
040 _aSDCL
_cSDCL
_beng
041 _2eng
_aeng
082 _aV51:51'L70, L6
100 _aClogg Richard Ed.
_9449575
245 0 _aMovement for Greek independence 1770-1821
_b A collection of documents.
260 _c1976
942 _hV51:51'L70, L6
_cTEXL
_2CC
999 _c834222
_d834222